Famous Fortnite Youtubers - Statistics

General Stats
  • This quiz has been taken 680 times
  • The average score is 3 of 25
Answer Stats
Youtuber % Correct
Ninja
84%
Lachlan
45%
TSM_Myth
36%
Ali-A
34%
Nick Eh 30
30%
Muselk
27%
Typical Gamer
18%
dakotaz
13%
Vikkstar123
6%
CDNThe3rd
5%
DanTDM
5%
Avxry
3%
Cizzorz
3%
TBNRfrags
3%
I AM WILDCAT
2%
iTemp Plays
2%
Jacksepticeye
2%
SSSniperWolf
2%
BCC Trolling
1%
MM7Games
1%
AlexRamiGaming
0%
Kanye West
0%
LSK
0%
NoahJAFK
0%
XpertThief
0%
No matching quizzes found
Score Distribution
Percent of People with Each Score
Percentile by Number Answered
Your Score History
You have not taken this quiz